000 01079nac a22003131u 4500
003 EG-ScBUE
005 20250226111455.0
008 130407s2010 cc o f 000 0 eng d
020 _a9787561835234
035 _a(OCoLC)70122541
040 _aEG-ScBUE
_beng
_erda
_cEG-ScBUE
_dEG-ScBUE
041 0 _aeng
_achi
082 0 4 _a747
_bSPA
_222
245 0 0 _aSpace style decoration.
264 1 _aBeijing :
_bTianjin University Press,
_c2010.
300 _a318 pages :
_bphotographs ;
_c30 cm
336 _2rdacontent
_atext
_btxt
337 _2rdamedia
_aunmediated
_bn
338 _2rdacarrier
_avolume
_bnc
546 _aText in English and Chinese.
650 7 _aInterior decoration.
_2BUEsh
_933044
650 7 _aDecoration and ornament.
_2BUEsh
_933045
653 _cFebruary2025
_bART
655 _vReading book
856 4 1 _3Table of contents only
_uhttp://www.loc.gov/catdir/toc/ecip0615/2006019572.html
856 4 1 _3Contributor biographical information
_uhttp://www.loc.gov/catdir/enhancements/fy0721/2006019572-b.html
942 _cBB
_2ddc
999 _c30936
_d30907